Eastern Utah Libraries Catalog: Duchesne, Heber, Roosevelt, & Vernal

Icarus (Record no. 203267)

MARC details
000 -LEADER
fixed length control field 03475cim a2200637Ka 4500
001 - CONTROL NUMBER
control field 2237484
005 - DATE AND TIME OF LATEST TRANSACTION
control field 20241220164716.0
006 - FIXED-LENGTH DATA ELEMENTS--ADDITIONAL MATERIAL CHARACTERISTICS--GENERAL INFORMATION
fixed length control field a e 000 1|
007 - PHYSICAL DESCRIPTION FIXED FIELD--GENERAL INFORMATION
fixed length control field sd fungnnmmnud
008 - FIXED-LENGTH DATA ELEMENTS--GENERAL INFORMATION
fixed length control field 150504s2015 mnunnnn f n eng d
020 ## - INTERNATIONAL STANDARD BOOK NUMBER
International Standard Book Number 9781622319664
Terms of availability 3999
024 1# - OTHER STANDARD IDENTIFIER
Standard number or code 9781622319664
035 ## - SYSTEM CONTROL NUMBER
System control number (OCoLC)908376151
035 ## - SYSTEM CONTROL NUMBER
System control number (OCoLC)ocn908376151
035 ## - SYSTEM CONTROL NUMBER
System control number 2163852
040 ## - CATALOGING SOURCE
Original cataloging agency BTCTA
Language of cataloging eng
Transcribing agency BTCTA
Modifying agency BDX
-- TEF
-- OCLCO
-- TEFMT
-- OCLCF
-- OCLCO
-- IWE
043 ## - GEOGRAPHIC AREA CODE
Geographic area code f-sa---
049 ## - LOCAL HOLDINGS (OCLC)
Holding library MAIN
050 #4 - LIBRARY OF CONGRESS CALL NUMBER
Classification number PT6592.23.E94
Item number I33 2015ab
082 04 - DEWEY DECIMAL CLASSIFICATION NUMBER
Classification number 839.3/636
Edition number 23
092 ## - LOCALLY ASSIGNED DEWEY CALL NUMBER (OCLC)
Classification number F
999 ## - SYSTEM CONTROL NUMBERS (KOHA)
Koha Dewey Subclass [OBSOLETE] F
100 1# - MAIN ENTRY--PERSONAL NAME
Personal name Meyer, Deon.
9 (RLIN) 5691267
245 10 - TITLE STATEMENT
Title Icarus
Medium [sound recording] /
Statement of responsibility, etc Deon Meyer.
250 ## - EDITION STATEMENT
Edition statement Unabridged.
260 ## - PUBLICATION, DISTRIBUTION, ETC. (IMPRINT)
Place of publication, distribution, etc [Minneapolis, MN] :
Name of publisher, distributor, etc Highbridge Co.,
Date of publication, distribution, etc [2015]
264 ## - Production, publication, distribution, manufacture, and copyright notice
Place of production, publication, distribution, manufacture MINNEAPOLIS
Name of producer, publisher, distributor, manufacturer HIGHBRIDGE
Date of production, publication, distribution, manufacture, or copyright notice 2015
300 ## - PHYSICAL DESCRIPTION
Extent 9 sound discs (10 hr., 45 min.) :
Other physical details digital ;
Dimensions 4 3/4 in.
306 ## - PLAYING TIME
Playing time 104500
336 ## - Content type
Content type term AUDIO
337 ## - Media type
Media type term audio
338 ## - Carrier type
Content type term audio disc
500 ## - GENERAL NOTE
General note Title from web page.
500 ## - GENERAL NOTE
General note Compact discs.
511 0# - PARTICIPANT OR PERFORMER NOTE
Participant or performer note Read by Simon Vance.
520 ## - SUMMARY, ETC.
Summary, etc A week before Christmas, a young photographer discovers a plastic-wrapped corpse amidst the sand dunes north of Cape Town. The only thing found on the corpse is a dead iPhone, but it doesnt take long for the police to identify the body as that of Ernst Richter, the tech whiz behind MyAlibi, an internet service that provides unfaithful partners with sophisticated cover stories to hide an affair. Meanwhile, Benny Griessel is called to the scene of a multiple homicide involving a former colleague, and four years of sobriety are undone on the spot. He emerges from his drunken haze determined to quit the force, but the indomitable Major Mbali Kaleni, now his boss, wants Griessel on the Richter case. The high-profile murder has already been the subject of fierce media speculation, with questions swirling about the potential for motive: could the perpetrator be one of the countless jilted spouses? An aggrieved client?
650 #0 - SUBJECT ADDED ENTRY--TOPICAL TERM
Topical term or geographic name as entry element Murder
General subdivision Investigation
Form subdivision Fiction.
9 (RLIN) 5673630
650 #7 - SUBJECT ADDED ENTRY--TOPICAL TERM
Topical term or geographic name as entry element Murder
General subdivision Investigation.
Source of heading or term fast
9 (RLIN) 88186
651 #0 - SUBJECT ADDED ENTRY--GEOGRAPHIC NAME
Geographic name Cape Town (South Africa)
Form subdivision Fiction.
9 (RLIN) 5694745
651 #7 - SUBJECT ADDED ENTRY--GEOGRAPHIC NAME
Geographic name South Africa
Geographic subdivision Cape Town.
Source of heading or term fast
9 (RLIN) 5694746
655 #7 - INDEX TERM--GENRE/FORM
Genre/form data or focus term Audiobooks.
Source of term lcgft
-- 5694747
655 #7 - INDEX TERM--GENRE/FORM
Genre/form data or focus term Mystery fiction.
Source of term gsafd
-- 102668
655 #7 - INDEX TERM--GENRE/FORM
Genre/form data or focus term Audiobooks.
Source of term fast
-- 5694747
655 #7 - INDEX TERM--GENRE/FORM
Genre/form data or focus term Fiction.
Source of term fast
-- 5673940
690 ## - LOCAL SUBJECT ADDED ENTRY--TOPICAL TERM (OCLC, RLIN)
Topical term or geographic name as entry element Audiobooks on CD.
9 (RLIN) 5676210
700 1# - ADDED ENTRY--PERSONAL NAME
Personal name Vance, Simon.
9 (RLIN) 71296
942 ## - ADDED ENTRY ELEMENTS (KOHA)
Source of classification or shelving scheme Dewey Decimal Classification
Item type Audiobook on CD
948 ## - LOCAL PROCESSING INFORMATION (OCLC); SERIES PART DESIGNATOR (RLIN)
Series part designator, SPT (RLIN) BPW
b (OCLC) ADULT
p (OCLC) X112455389
h (OCLC) F
f (OCLC) 1
r (OCLC) 4
g (OCLC) 1
7 (OCLC) 0
u (OCLC) 3
w (OCLC) 8
s (OCLC) 0
o (OCLC) BPW
0 (OCLC) 39.99
y (OCLC) 99
c (OCLC) 8
j (OCLC) Dewey Decimal
n (OCLC) On-Order
1 (OCLC) 9
e (OCLC) 962039-4
9 (OCLC) Item generated Nov 5 2015 7:57AM
948 ## - LOCAL PROCESSING INFORMATION (OCLC); SERIES PART DESIGNATOR (RLIN)
Series part designator, SPT (RLIN) BPR
b (OCLC) ADULT
p (OCLC) X112455370
h (OCLC) F
f (OCLC) 1
r (OCLC) 4
g (OCLC) 1
7 (OCLC) 0
u (OCLC) 3
w (OCLC) 8
s (OCLC) 0
o (OCLC) BPR
0 (OCLC) 39.99
y (OCLC) 99
c (OCLC) 8
j (OCLC) Dewey Decimal
n (OCLC) On-Order
1 (OCLC) 9
e (OCLC) 962039-1
9 (OCLC) Item generated Nov 5 2015 7:57AM
948 ## - LOCAL PROCESSING INFORMATION (OCLC); SERIES PART DESIGNATOR (RLIN)
Series part designator, SPT (RLIN) BPF
b (OCLC) ADULT
p (OCLC) X112455361
h (OCLC) F
f (OCLC) 1
r (OCLC) 4
g (OCLC) 1
7 (OCLC) 0
u (OCLC) 3
w (OCLC) 8
s (OCLC) 0
o (OCLC) BPF
0 (OCLC) 39.99
y (OCLC) 99
c (OCLC) 8
j (OCLC) Dewey Decimal
n (OCLC) On-Order
1 (OCLC) 9
e (OCLC) 962039-3
9 (OCLC) Item generated Nov 5 2015 7:57AM
948 ## - LOCAL PROCESSING INFORMATION (OCLC); SERIES PART DESIGNATOR (RLIN)
Series part designator, SPT (RLIN) BSK
b (OCLC) ADULT
p (OCLC) X112455398
h (OCLC) F
f (OCLC) 1
r (OCLC) 4
g (OCLC) 1
7 (OCLC) 0
u (OCLC) 3
w (OCLC) 8
s (OCLC) 0
o (OCLC) BSK
0 (OCLC) 39.99
y (OCLC) 99
c (OCLC) 8
j (OCLC) Dewey Decimal
n (OCLC) On-Order
1 (OCLC) 9
e (OCLC) 962039-2
9 (OCLC) Item generated Nov 5 2015 7:57AM
Holdings
Withdrawn status Lost status Source of classification or shelving scheme Materials specified (bound volume or other part) Damaged status Not for loan Collection code Home library Current library Shelving location Date acquired Source of acquisition Cost, normal purchase price Total Checkouts Full call number Barcode Date last seen Date last borrowed Cost, replacement price Price effective from Koha item type
    Dewey Decimal Classification .CIRCNOTE. 9 discs     Audiobooks Wasatch County Library Wasatch County Library Second Floor 01/23/2016 MICROMARKETING 39.99 7 CD Mey 34301001459306 03/07/2024 11/28/2020 39.99 03/20/2020 Audiobook on CD
This project was made possible through a grant from the Institute of Museum and Library Service administered by the Utah State Library Division.

Wasatch County Library

  • 465 East 1200 South, Heber City, Utah 84032
  • Phone 435-654-1511 | Fax 435-654-6456

Hours

  • Monday - Friday 9:30 AM - 8:00 PM
  • Saturday 9:30 AM - 1:30 PM
  • Closed Sundays and Holidays